Az infláció számszerüsíthetö összefüggéseiröl.

Merateľnosť inflácie. Na príklade inflácie v Maďarsku, kde spotrebiteľské ceny rástli od 15-29 perc. ročne v r. 1987-1990, poukázané na kvantifikovateľné aspekty inflácie, rozbor cenovej hladiny vo vybraných štátoch sveta. Exportné, importné a domáce ceny, inpout, output ceny. Príjmy obyvateľstva, k...

Full description

Saved in:
Bibliographic Details
Main Author: Boda, Gy
Other Authors: Zentai, K.
Format: Book Chapter
Language:Hungarian
Subjects:
Tags: Add Tag
No Tags, Be the first to tag this record!

MARC

LEADER 00000naa a2200000 4500
001 r004940
005 20221125113620.4
041 0 |a hun 
044 |a HU 
245 1 0 |a Az infláció számszerüsíthetö összefüggéseiröl.  |c Gy. Boda, K. Zentai 
520 |a Merateľnosť inflácie. Na príklade inflácie v Maďarsku, kde spotrebiteľské ceny rástli od 15-29 perc. ročne v r. 1987-1990, poukázané na kvantifikovateľné aspekty inflácie, rozbor cenovej hladiny vo vybraných štátoch sveta. Exportné, importné a domáce ceny, inpout, output ceny. Príjmy obyvateľstva, konečná spotreba, náklady, priame príznaky inflácie. 
610 2 0 |a inflácia 
610 2 0 |a MR 
610 2 0 |a kvantifikácia 
610 2 0 |a 1987-1990 
610 2 0 |a ceny dovozné 
610 2 0 |a ceny vývozné 
610 2 0 |a príjmy obyvateľstva 
610 2 0 |a spotreba konečná 
610 2 0 |a náklady 
610 2 0 |a ceny vnútorné 
610 2 0 |a údaje štatistické 
100 1 |a Boda, Gy. 
700 1 |a Zentai, K.